Word Ladder: Queen's First Lyric Quiz Stats

 Plays Quiz Updated Mar 26, 2016

Challenge
Share
Tweet
Embed
Score 0/33 Timer 04:00
0 Plays Today
Hint 4-Letter Word % Correct
Swimming locationPOOL
96.8%
____ Bill: Vol. 1 (2003 film)KILL
96.6%
Medicinal tabletPILL
96.3%
• Traditional Scottish garment •• KILT •
96%
IdiotFOOL
95.5%
• Papa partner •• MAMA •
95.4%
1/3 of a yardFOOT
95.4%
Hiking shoeBOOT
94.6%
SurveyPOLL
94.5%
Skin's allergic reactionRASH
94.2%
It's historyPAST
93.7%
Moved like a birdFLEW
93.6%
The wind could do this 'any way'BLOW
93.4%
Ebb and ____FLOW
93.3%
Bug, annoyancePEST
92.5%
Genie's homeLAMP
91.8%
Sail-supporting poleMAST
91.8%
Hint 4-Letter Word % Correct
Rorschach test imageBLOT
90.7%
Strong windGUST
90.5%
To squish or crushMASH
89.5%
Not seriously: in ____JEST
88.6%
Buddhist monkLAMA
88.1%
• Fair, righteous •• JUST •
88%
Gold coveringGILT
88%
General ideaGIST
87.1%
Inclined planeRAMP
86.8%
Run awayFLEE
86.7%
HappinessGLEE
86%
Coarse fileRASP
85.9%
Narrow valleyGLEN
79.7%
A sign or warningOMEN
78.4%
• Yemen neighbor •• OMAN •
77.8%
FBI agentsG-MEN
75.5%

Today's Daily Dose

You're not logged in!

Compare scores with friends on all Sporcle quizzes.
Join for Free
OR
Log In

You Might Also Like...

Show Comments

Extras

Top Quizzes Today


Score Distribution

Your Account Isn't Verified!

In order to create a playlist on Sporcle, you need to verify the email address you used during registration. Go to your Sporcle Settings to finish the process.

Report this User

Report this user for behavior that violates our Community Guidelines.

Details: